| 000 | 01137nac a22003377a 4500 | ||
|---|---|---|---|
| 001 | BR2010002106 | ||
| 003 | BR-BrBNA | ||
| 005 | 20240105123822.0 | ||
| 008 | 230509b bl.|||m| |||| 00| 0 por d | ||
| 040 |
_aBR-BrBNA _bpor _cBiblioteca Nacional de Agricultura |
||
| 072 | _aF02 | ||
| 090 | _a1126 BR2010002106 | ||
| 100 | 1 | _aQuirino, Z.B. de R. | |
| 100 | 1 | _aBarbosa, S.B.S.C. | |
| 100 | 1 | _aViégas, P.R.A. | |
| 100 | 1 | _aLedo, A. da S. | |
| 110 | 1 | _aEMBRAPA Tabuleiros Costeiros, Aracaju, SE (Brasil) | |
| 245 | 1 | _aMultiplicação in vitro do abacaxizeiro ornamental, Ananas comosus var. erectifolius, em meio líquido e gelificado | |
| 260 | 3 |
_aAracaju, SE (Brasil): _c2009. |
|
| 300 | _a14 p. | ||
| 490 |
_aBoletim de Pesquisa e Desenvolvimento - EMBRAPA Tabuleiros Costeiros (Brazil) _vno. 40 _xISSN 1678-1961 |
||
| 500 | _aSummaries (En, Pt); 10 ref. | ||
| 650 | _aABACAXI | ||
| 650 | _aCULTURA IN VITRO | ||
| 650 | _aLÍQUIDO | ||
| 650 | _aGELATINIZAÇÃO | ||
| 650 | _aMICROPROPAGAÇÃO | ||
| 650 | _aREGULADOR DE CRESCIMENTO | ||
| 909 |
_a202312 _bLúcia Elande _c55 _dLúcia Elande |
||
| 942 |
_2AGRIS _n0 _cMS |
||
| 999 |
_c297122 _d297122 |
||